Lorca : the gay imagination /

Uloženo v:
Podrobná bibliografie
Hlavní autor: Binding, Paul (Autor)
Médium: Kniha
Jazyk:angličtina
Vydáno: London : GMP, 1985
Tagy: Přidat tag
Žádné tagy, Buďte první, kdo vytvoří štítek k tomuto záznamu!

MARC

LEADER 00000nam a22000007i 4500
001 IT\ICCU\UBO\3172695
003 ItRI
005 20260219125638.0
008 070327s1985 xxu|||||| ||||| |||||c
020 |a 0907040365 (pbk) 
020 |a 0907040373 
040 |b ita  |c ct 
041 7 |a eng  |2 ISO-639-2 
082 |a 861.62  |2 23 
100 1 |a Binding, Paul  |0 IT\ICCU\MILV\136521  |4 aut 
245 1 0 |a Lorca :  |b the gay imagination /  |c Paul Binding. 
260 |a London :  |b GMP,  |c 1985 
300 |a 238 p. ;  |c 23 cm. 
942 |2 ddc  |c BK 
952 |0 0  |1 0  |2 ddc  |4 0  |7 0  |9 7182  |a MI  |b MI  |d 1988-03-07  |i 889  |l 0  |p CDOM889  |r 2025-07-13 16:28:32  |w 2025-07-13  |x DONO  |y BK 
952 |0 0  |1 0  |4 0  |6 DOC_861_620000000000000_BIN  |7 0  |9 13622  |a BO  |b BO  |d 2026-01-15  |i 1597  |l 0  |o DOC 861.62 BIN  |p BO1597  |r 2026-01-15 23:18:26  |w 2026-01-15  |x [Sebina 5] [1 v.]  |y BK  |z 1 v. 
999 |c 5877  |d 5877